|
|
|
|
| LEADER |
01238cam a2200289 i 4500 |
| 001 |
3124704 |
| 003 |
GR-PaULI |
| 005 |
20210117210912.0 |
| 008 |
190527m19679999gw a g b 001 0 ger d |
| 952 |
|
|
|0 0
|1 0
|2 ddc
|3 τ.1
|4 0
|6 292_130000000000000_NIL
|7 0
|9 232275
|a THST
|b THST
|d 2019-05-27
|i 010083
|l 0
|o 292.13 NIL
|p 025000260198
|r 2019-05-27 00:00:00
|t 1
|v 2019.00
|w 2019-05-27
|y BK15
|
| 999 |
|
|
|c 141088
|d 141088
|
| 010 |
|
|
|a 68124806
|
| 020 |
|
|
|a 3406013708
|
| 040 |
|
|
|a DLC
|c DLC
|d DLC
|d GR-PaULI
|b gre
|e AACR2
|
| 082 |
0 |
4 |
|2 23
|a 292.13
|
| 100 |
1 |
|
|a Nilsson, Martin P.
|q (Martin Persson),
|d 1874-1967.
|e συγγραφέας
|
| 245 |
1 |
0 |
|a Geschichte der griechischen Religion /
|c von Martin P. Nilsson.
|
| 250 |
|
|
|a 3., durchgesehene und ergänzte Aufl.
|
| 260 |
|
|
|a München :
|b Beck,
|c 1967-
|
| 300 |
|
|
|a τ. <1 > :
|b εικ.. ;
|c 26 εκ.
|
| 504 |
|
|
|a Περιλαμβάνει βιβλιογραφία και ευρετήριο.
|
| 505 |
1 |
|
|a τ.1. Die Religion Griechenlands bis auf die griechische Weltherrschaft.
|
| 650 |
|
4 |
|a Μυθολογία, Ελληνική
|9 4717
|
| 651 |
|
4 |
|a Ελλάδα, Αρχαία
|x Θρησκεία
|9 77356
|
| 651 |
|
4 |
|a Κρήτη
|x Αρχαιότητες
|9 42610
|
| 942 |
|
|
|2 ddc
|c BK15
|
| 998 |
|
|
|c ΜΑΝΙΑ
|d 2019-05
|